000 00552nam a2200181Ia 4500
005 20250508152646.0
008 008 250505s9999 xx 000 0 eng d
037 _aTextual
040 _aFEDL
_beng
_cFEDL
041 _aeng
_2eng
084 _a323.4, BAN
_qFEDL
100 _aBanerjee D. N.
245 0 _aOur fundamental rights their nature and extent: As judicially determined
260 _aCalcutta, India
_bThe World Press Private Limited
_c1960
300 _axi,483p
942 _cTEXL
_h323.4, BAN
999 _c1337859
_d1337859